Dominican Republic Country Quiz - Statistics

General Stats
  • This quiz has been taken 23,547 times
    23,489 since last reset
  • The average score is 12 of 16
Answer Stats
Hint Answer % Correct
Only bordering country Haiti
99%
Official language Spanish
98%
Sea in which that island lies Caribbean Sea
97%
More than 1 million Dominicans live overseas in this country United States
95%
Currency Peso
93%
Most popular sport Baseball
91%
Island it shares with the above Hispaniola
91%
The above is the _____ city founded by Europeans in the New World Oldest
89%
Capital city Santo Domingo
89%
5% of the DR's exports consist of this often hand-rolled product {Cigar}s
77%
Brugal, Barcelo, and Bermudez are brands of this beverage Rum
67%
Island located about 120 km due east of the Dominican Republic Puerto Rico
65%
In the DR, "merengue" is a type of ... Music
60%
Resort town at the eastern tip of the island Punta {Cana}
53%
Famous fashion designer with initials ODLR Oscar de la Renta
28%
Dictator nicknamed "El Jefe" who the capital was once named for Rafael Trujillo
27%
No matching quizzes found
Score Distribution
Percent of People with Each Score
Percentile by Number Answered
Your Score History
You have not taken this quiz since the last reset